000
00291nam a2200109Ia 4500
008
220216s9999 xx 000 0 und d
245
0
_a
Cash crunch in Rubber Board: Stakeholders seek quick relief
260
_b
Rubber India
_c
2019
300
_a
42
650
_a
Rubber Board news
942
_c
JS
999
_c
55211
_d
55211